| 000 | 00368pab a2200157 454500 | ||
|---|---|---|---|
| 008 | 180718b2007 xxu||||| |||| 00| 0 eng d | ||
| 100 | _aSen, Tapas K. | ||
| 245 | _aPerformance measurement in social sectors | ||
| 260 | _c2007 | ||
| 300 | _ap.299-319. | ||
| 362 | _aJul-Sep | ||
| 650 | _aPerformance appraisal | ||
| 773 | _aMargin | ||
| 908 | _aN | ||
| 909 | _a76748 | ||
| 999 |
_c76748 _d76748 |
||